000
00296nam a22001337a 4500
008
181224b xxu||||| |||| 00| 0 eng d
020
_a
9780205298563
041
_a
eng
080
_a
370
100
_a
48
101
_a
EDU
245
_a
tHE aLLYN bACON handbook
_c
Rosen.L.J
942
_2
udc
_c
BK
999
_c
53727
_d
53727